Equipos que han ganado LaLiga-Muerte súbita - Estadísticas

Estadísticas generales
  • Esta prueba ha sido intentada 632 veces
  • La puntuación promedio es 7 de 9
Answers on the Grid
Answers color-coded by a green-red scale on the quiz's grid according to % correct below.
Valencia
Girona
Córdoba
Espanyol
Cádiz
Málaga
Real Betis
Murcia
Cartagena
Recreativo de Huelva
Barcelona
Tarragona
Athletic club de Bilbao
Celta de Vigo
Real Madrid
Rayo Vallecano
Villarreal
Atlético de Madrid
Castilla
Alavés
Deportivo de La Coruña
Getafe
Real Sociedad
Sevilla
Leganés
Alicante
Logroñés
Ceuta FC
Las palmas
Ibiza UD
Mallorca
Tenerife FC
 
Estadísticas de respuestas
Respuesta % Correcto
Barcelona
86%
Atlético de Madrid
84%
Real Madrid
84%
Valencia
83%
Athletic club de Bilbao
80%
Sevilla
79%
Deportivo de La Coruña
76%
Real Betis
70%
Real Sociedad
65%
No se encontraron pruebas coincidentes
Distribución de puntuación
Porcentaje de gente con cada puntuación
Porcentaje por número respondido
Historial de tus puntuaciones
No has intentado esta prueba.